[Event "NRW Class2 1617"]
[Site "Germany"]
[Date "2017.02.12"]
[Round "6.6"]
[White "Haude, Ruediger"]
[Black "Tkachuk, Sergij"]
[Result "1/2-1/2"]
[WhiteElo "2068"]
[BlackElo "2195"]
[PlyCount "89"]
[EventDate "2016.09.25"]
[EventType "team-tourn"]
[EventRounds "9"]
[EventCountry "GER"]
[SourceTitle "EXT 2023"]
[Source "ChessBase"]
[SourceDate "2022.10.05"]
[SourceVersion "1"]
[SourceVersionDate "2022.10.05"]
[SourceQuality "1"]
[WhiteTeam "Letmathe"]
[BlackTeam "Bochum SG II"]
[WhiteTeamCountry "GER"]
[BlackTeamCountry "GER"]

1. d4 Nf6 2. Nf3 g6 3. g3 Bg7 4. Bg2 0-0 5. 0-0 d6 6. c4 c6 7. Nc3 Qc7 8. Qc2 a5 9. Bd2 Re8 10. h3 e5 11. dxe5 dxe5 12. Rfd1 h6 13. Be3 Be6 14. b3 Na6 15. Na4 Nd7 16. Qc1 Kh7 17. Nh2 f5 18. Bd2 Nac5 19. Nxc5 Nxc5 20. Bc3 e4 21. Nf1 Rad8 22. Qc2 Be5 23. Bxe5 Qxe5 24. Rxd8 Rxd8 25. Rd1 Rd7 26. Rxd7+ Nxd7 27. Qd2 b6 28. f3 exf3 29. exf3 g5 30. f4 gxf4 31. gxf4 Qc5+ 32. Kh2 Kg6 33. Ng3 Nf6 34. Bf3 b5 35. Qe2 Bd7 36. cxb5 cxb5 37. Qd2 Be6 38. Nh5 Nxh5 39. Qg2+ Kf6 40. Bxh5 Qe3 41. Qg6+ Ke7 42. Qe8+ Kd6 43. Qb8+ Ke7 44. Qe8+ Kd6 45. Qb8+ 1/2-1/2

[Event "Oberliga NRW 1516"]
[Site "Germany"]
[Date "2016.01.10"]
[Round "5.6"]
[White "Haude, Ruediger"]
[Black "Miedema, David"]
[Result "0-1"]
[WhiteElo "2035"]
[BlackElo "2357"]
[PlyCount "60"]
[EventDate "2015.09.27"]
[EventType "team-tourn"]
[EventRounds "9"]
[EventCountry "GER"]
[SourceTitle "EXT 2017"]
[Source "ChessBase"]
[SourceDate "2016.10.25"]
[SourceVersion "1"]
[SourceVersionDate "2016.10.25"]
[SourceQuality "1"]
[WhiteTeam "Letmathe"]
[BlackTeam "Duesseldorf"]
[WhiteTeamCountry "GER"]
[BlackTeamCountry "GER"]

1. d4 e6 2. Nf3 Nf6 3. g3 b6 4. Bg2 Bb7 5. 0-0 Be7 6. c4 0-0 7. Nc3 Ne4 8. Qc2 Nxc3 9. bxc3 Nc6 10. Nd2 Na5 11. Re1 Bxg2 12. Kxg2 f5 13. Qd3 Qc8 14. Nb3 Nb7 15. f3 c5 16. e4 fxe4 17. fxe4 Nd6 18. Ba3 Qa6 19. dxc5 Nxc4 20. Bc1 Qa4 21. Be3 Nxe3+ 22. Qxe3 bxc5 23. Re2 Qc6 24. Rd1 d6 25. Nd2 Qa4 26. Ra1 Rf7 27. Nf3 Raf8 28. Rf1 h6 29. Qd3 Qc6 30. Kg1 c4 0-1

[Event "NRW Class1 1415"]
[Site "Germany"]
[Date "2015.03.22"]
[Round "8.6"]
[White "Haude, Ruediger"]
[Black "Huckebrink, Chris"]
[Result "1/2-1/2"]
[WhiteElo "2010"]
[BlackElo "2065"]
[PlyCount "84"]
[EventDate "2014.09.14"]
[EventType "team-tourn"]
[EventRounds "9"]
[EventCountry "GER"]
[SourceTitle "EXT 2017"]
[Source "ChessBase"]
[SourceDate "2016.10.25"]
[SourceVersion "1"]
[SourceVersionDate "2016.10.25"]
[SourceQuality "1"]
[WhiteTeam "Letmathe"]
[BlackTeam "Kamen"]
[WhiteTeamCountry "GER"]
[BlackTeamCountry "GER"]

1. d4 e6 2. Nf3 Nf6 3. g3 b6 4. Bg2 Bb7 5. 0-0 c5 6. Nc3 a6 7. Re1 cxd4 8. Nxd4 Bxg2 9. Kxg2 Bb4 10. Bd2 Nc6 11. Nf3 d5 12. a3 Bd6 13. e4 dxe4 14. Nxe4 Nxe4 15. Rxe4 0-0 16. Bc3 Be7 17. Qe2 Bf6 18. Rd1 Qe7 19. Rc4 Bxc3 20. Rxc3 Rfc8 21. Qe4 Na5 22. Rcd3 Ra7 23. b4 Nc4 24. Qd4 f6 25. Nd2 Ne5 26. Rc3 Rxc3 27. Qxc3 Qc7 28. Nb1 Qxc3 29. Nxc3 Rc7 30. Na4 Nc4 31. Rd3 Kf7 32. Rc3 b5 33. Nb2 e5 34. Nxc4 bxc4 35. f4 Ke6 36. Kf3 Kd5 37. Re3 Re7 38. fxe5 fxe5 39. c3 e4+ 40. Ke2 Ke5 41. Ke1 Rd7 42. a4 Rd3 1/2-1/2

[Event "NRW Class1 1415"]
[Site "Germany"]
[Date "2015.01.11"]
[Round "5.6"]
[White "Quante, Lennart"]
[Black "Haude, Ruediger"]
[Result "1/2-1/2"]
[WhiteElo "2016"]
[BlackElo "2010"]
[PlyCount "161"]
[EventDate "2014.09.14"]
[EventType "team-tourn"]
[EventRounds "9"]
[EventCountry "GER"]
[SourceTitle "EXT 2017"]
[Source "ChessBase"]
[SourceDate "2016.10.25"]
[SourceVersion "1"]
[SourceVersionDate "2016.10.25"]
[SourceQuality "1"]
[WhiteTeam "Muenster II"]
[BlackTeam "Letmathe"]
[WhiteTeamCountry "GER"]
[BlackTeamCountry "GER"]

1. d4 Nf6 2. c4 e6 3. Nc3 d5 4. cxd5 exd5 5. Bg5 Be7 6. e3 c6 7. Bd3 Nbd7 8. Nge2 0-0 9. 0-0 Ne4 10. Bf4 f5 11. f3 Nxc3 12. Nxc3 g5 13. Bg3 f4 14. exf4 gxf4 15. Bf2 Bd6 16. Qc2 Nf6 17. Bh4 Qd7 18. Rfe1 Nh5 19. Re2 Qg7 20. Kh1 Qh6 21. Kg1 Qg7 22. Rae1 Bd7 23. Be7 Bxe7 24. Bxh7+ Qxh7 25. Qxh7+ Kxh7 26. Rxe7+ Kg6 27. Rxd7 Rf7 28. Ree7 Rxe7 29. Rxe7 Rb8 30. Ne2 Kf6 31. Re5 Ng7 32. Nxf4 Nf5 33. Nh5+ Kg6 34. Nf4+ Kf6 35. Nh5+ Kg6 36. g4 Nxd4 37. Kf2 Kf7 38. Ke3 Ne6 39. Rf5+ Ke7 40. Nf4 Ng7 41. Rg5 Kf7 42. h4 Re8+ 43. Kd2 Rh8 44. h5 Kf6 45. Rg6+ Kf7 46. Rg5 Kf6 47. Rg6+ Kf7 48. Nd3 Re8 49. Rh6 Re6 50. Rh8 Re8 51. Rxe8 Nxe8 52. Ke3 Ng7 53. Kf4 Ne6+ 54. Ke5 Ng5 55. f4 Nf3+ 56. Kd6 Nd4 57. Kc7 b6 58. Kb7 c5 59. Kxa7 Ne6 60. Kxb6 c4 61. Ne5+ Kf6 62. Kc6 Nxf4 63. Kd6 Nd3 64. Nd7+ Kg5 65. Kxd5 Nxb2 66. Kd4 Nd1 67. Ne5 c3 68. Kd3 Kf6 69. Nf3 Nf2+ 70. Kxc3 Nxg4 71. a4 Kg7 72. a5 Nf6 73. a6 Nd5+ 74. Kd4 Nb4 75. Ke5 Nxa6 76. Kf5 Kh6 77. Kg4 Nc5 78. Nh4 Ne6 79. Nf5+ Kh7 80. h6 Nd4 81. Nxd4 1/2-1/2

[Event "NRW Class1 1415"]
[Site "Germany"]
[Date "2014.11.16"]
[Round "3.4"]
[White "Haude, Ruediger"]
[Black "Hecht, Carsten"]
[Result "1/2-1/2"]
[WhiteElo "2010"]
[BlackElo "2148"]
[PlyCount "107"]
[EventDate "2014.09.14"]
[EventType "team-tourn"]
[EventRounds "9"]
[EventCountry "GER"]
[SourceTitle "EXT 2017"]
[Source "ChessBase"]
[SourceDate "2016.10.25"]
[SourceVersion "1"]
[SourceVersionDate "2016.10.25"]
[SourceQuality "1"]
[WhiteTeam "Letmathe"]
[BlackTeam "Lippstadt Turm"]
[WhiteTeamCountry "GER"]
[BlackTeamCountry "GER"]

1. d4 Nf6 2. Nf3 g6 3. g3 Bg7 4. Bg2 0-0 5. 0-0 d5 6. b3 c5 7. e3 Nc6 8. Bb2 Ne4 9. c4 dxc4 10. bxc4 Nd6 11. Qe2 Qb6 12. Rc1 Bg4 13. Nc3 cxd4 14. Nd5 Qd8 15. exd4 Nf5 16. Qe4 Bxf3 17. Bxf3 e6 18. Nf4 Nfxd4 19. Rab1 Nxf3+ 20. Qxf3 Bxb2 21. Rxb2 Qf6 22. Rxb7 e5 23. Qc3 Nd4 24. Nd5 Qa6 25. Rb2 Rad8 26. Qe3 Qd6 27. Kg2 Rfe8 28. Rb7 Qc6 29. Rc7 Qa8 30. f3 Re6 31. Rb1 Rxd5 32. cxd5 Qxd5 33. Qf2 Ra6 34. Rcb7 Rxa2 35. R7b2 Ra3 36. Qd2 Qxf3+ 37. Kg1 Re3 38. Re1 Rxe1+ 39. Qxe1 Qd5 40. Qe3 Nf3+ 41. Kf1 e4 42. Kg2 Ne5 43. Re2 f5 44. Rb2 Ng4 45. Qxa7 e3+ 46. Kh3 Nf2+ 47. Rxf2 exf2 48. Qxf2 Kg7 49. Qe3 Qe4 50. Qc3+ Kh6 51. Qh8 Qf3 52. Qf6 Qe2 53. Qd8 Qf3 54. Qg5+ 1/2-1/2

[Event "NRW Class2 1314"]
[Site "Germany"]
[Date "2014.02.02"]
[Round "6.6"]
[White "Haude, Ruediger"]
[Black "Grobbel, Rainer"]
[Result "0-1"]
[WhiteElo "2030"]
[BlackElo "2089"]
[PlyCount "112"]
[EventDate "2013.09.15"]
[EventType "team-tourn"]
[EventRounds "9"]
[EventCountry "GER"]
[SourceTitle "EXT 2015"]
[Source "ChessBase"]
[SourceDate "2014.11.20"]
[SourceVersion "1"]
[SourceVersionDate "2014.11.20"]
[SourceQuality "1"]
[WhiteTeam "Letmathe"]
[BlackTeam "Lippstadt Turm"]
[WhiteTeamCountry "GER"]
[BlackTeamCountry "GER"]

1. d4 d5 2. Nf3 Nf6 3. g3 e6 4. Bg2 c5 5. 0-0 Nc6 6. c4 cxd4 7. Nxd4 Qb6 8. Nb5 a6 9. cxd5 exd5 10. N5c3 d4 11. Nd5 Nxd5 12. Bxd5 Bh3 13. Re1 Bc5 14. Nd2 Rd8 15. Nc4 Qc7 16. e4 Bb4 17. Bf4 Qd7 18. Qh5 0-0 19. f3 Be6 20. Nb6 Qe7 21. Rec1 g6 22. Qh6 Ba5 23. Bxe6 Qxe6 24. Nd5 Rxd5 25. exd5 Qxd5 26. Kg2 Re8 27. Rf1 d3 28. Be3 Qe5 29. Bd2 Qxb2 30. Rad1 Qxa2 31. Rf2 Qb3 32. Bxa5 Qxd1 33. Bc3 Ne5 34. f4 Qc1 35. Bd2 Qc6+ 36. Kh3 Qd7+ 37. f5 gxf5 38. Qg5+ Ng6 39. Rxf5 h6 40. Qh5 Re5 41. g4 Qe6 42. Rxe5 Qxe5 43. Qxh6 a5 44. Kg2 a4 45. h4 a3 46. h5 Nf8 47. Bb4 Qe4+ 48. Kg3 Qxb4 49. Qg5+ Ng6 50. Qd8+ Kg7 51. hxg6 d2 52. gxf7 Kxf7 53. Qd7+ Kf6 54. Qd8+ Ke5 55. Qd3 Qd6 56. Qe3+ Kd5+ 0-1

[Event "NRW Class1 1011"]
[Site "Germany"]
[Date "2011.04.03"]
[Round "9.6"]
[White "Rieke, Theo"]
[Black "Haude, Ruediger"]
[Result "1-0"]
[WhiteElo "2166"]
[BlackElo "2084"]
[PlyCount "63"]
[EventDate "2010.09.26"]
[EventType "team-tourn"]
[EventRounds "9"]
[EventCountry "GER"]
[SourceTitle "EXT 2012"]
[Source "ChessBase"]
[SourceDate "2011.11.24"]
[SourceVersion "1"]
[SourceVersionDate "2011.11.24"]
[SourceQuality "1"]
[WhiteTeam "Neuenkirchen"]
[BlackTeam "Letmathe"]
[WhiteTeamCountry "GER"]
[BlackTeamCountry "GER"]

1. Nf3 c5 2. g3 Nf6 3. Bg2 Nc6 4. 0-0 e5 5. d3 d5 6. Nbd2 h6 7. e4 dxe4 8. dxe4 Be6 9. Qe2 Qc7 10. c3 Be7 11. Re1 g5 12. Nf1 Rd8 13. N3d2 Qd7 14. Ne3 a6 15. Ndc4 b5 16. Nb6 Qd3 17. Qxd3 Rxd3 18. Nbd5 c4 19. Nxf6+ Bxf6 20. Nd5 Bxd5 21. exd5 Ne7 22. Be4 Nxd5 23. Bxd3 cxd3 24. Rd1 e4 25. f3 Nxc3 26. bxc3 Bxc3 27. Rb1 f5 28. Kf2 Kd7 29. Ke3 Re8 30. fxe4 fxe4 31. Bd2 Bf6 32. Rb4 1-0

[Event "NRW Class1 1011"]
[Site "Germany"]
[Date "2010.11.28"]
[Round "3.5"]
[White "Kuipers, Stefan"]
[Black "Haude, Ruediger"]
[Result "1-0"]
[WhiteElo "2354"]
[BlackElo "2084"]
[PlyCount "51"]
[EventDate "2010.09.26"]
[EventType "team-tourn"]
[EventRounds "9"]
[EventCountry "GER"]
[SourceTitle "EXT 2012"]
[Source "ChessBase"]
[SourceDate "2011.11.24"]
[SourceVersion "1"]
[SourceVersionDate "2011.11.24"]
[SourceQuality "1"]
[WhiteTeam "Emsdetten Turm II"]
[BlackTeam "Letmathe"]
[WhiteTeamCountry "GER"]
[BlackTeamCountry "GER"]

1. e4 c5 2. Nf3 e6 3. d4 cxd4 4. Nxd4 a6 5. Bd3 Nc6 6. Nxc6 dxc6 7. 0-0 Qc7 8. Qe2 e5 9. Nd2 Be6 10. a4 Nf6 11. Nc4 Bxc4 12. Bxc4 Bd6 13. Bg5 Qe7 14. f4 0-0 15. Rae1 Rae8 16. f5 b5 17. Bb3 Qa7+ 18. Kh1 Be7 19. axb5 axb5 20. g4 Kh8 21. Bc1 Nd7 22. g5 g6 23. f6 Bc5 24. Rf3 Bb6 25. Rh3 Nc5 26. Qg4 1-0

[Event "NRW Class1 0910"]
[Site "Germany"]
[Date "2010.01.31"]
[Round "6.6"]
[White "Haude, Ruediger"]
[Black "Ingenerf, Johannes"]
[Result "1/2-1/2"]
[WhiteElo "2056"]
[BlackElo "2071"]
[PlyCount "95"]
[EventDate "2009.09.20"]
[EventType "team-tourn"]
[EventRounds "9"]
[EventCountry "GER"]
[SourceTitle "EXT 2011"]
[Source "ChessBase"]
[SourceDate "2010.11.26"]
[SourceVersion "1"]
[SourceVersionDate "2010.11.26"]
[SourceQuality "1"]
[WhiteTeam "Letmathe"]
[BlackTeam "Rheydt"]
[WhiteTeamCountry "GER"]
[BlackTeamCountry "GER"]

1. Nf3 f5 2. c4 Nf6 3. Nc3 d6 4. g3 g6 5. Bg2 Bg7 6. d3 0-0 7. Bd2 Nc6 8. 0-0 e5 9. e4 Ne7 10. Qc1 Nh5 11. Ne2 f4 12. h3 h6 13. d4 g5 14. dxe5 fxg3 15. fxg3 dxe5 16. Bc3 Ng6 17. Qe3 Be6 18. b3 Qe7 19. Kh2 g4 20. Nfg1 Kh7 21. hxg4 Bxg4 22. Rxf8 Rxf8 23. Rf1 b6 24. Rxf8 Bxf8 25. Bf3 Nf6 26. Kg2 Qe6 27. Bd2 c6 28. Nc1 Bxf3+ 29. Qxf3 Qg4 30. Qxg4 Nxg4 31. Nd3 Nf6 32. Kf3 Kg7 33. Nh3 Kf7 34. Nhf2 Ke6 35. Ng4 h5 36. Nxf6 Kxf6 37. Be3 c5 38. Nf2 Ne7 39. Nd3 Nc6 40. g4 hxg4+ 41. Kxg4 Kg6 42. Bg5 Bg7 43. Be3 Bf6 44. Bd2 Be7 45. Bc3 Bd6 46. Kh4 Be7+ 47. Kg4 Bd6 48. Kh4 1/2-1/2

[Event "NRW Class1 0910"]
[Site "Germany"]
[Date "2009.09.20"]
[Round "1.6"]
[White "Haude, Ruediger"]
[Black "Trzaska, Peter"]
[Result "1-0"]
[WhiteElo "2056"]
[BlackElo "2144"]
[PlyCount "91"]
[EventDate "2009.09.20"]
[EventType "team-tourn"]
[EventRounds "9"]
[EventCountry "GER"]
[SourceTitle "EXT 2011"]
[Source "ChessBase"]
[SourceDate "2010.11.26"]
[SourceVersion "1"]
[SourceVersionDate "2010.11.26"]
[SourceQuality "1"]
[WhiteTeam "Letmathe"]
[BlackTeam "Herne Sodingen"]
[WhiteTeamCountry "GER"]
[BlackTeamCountry "GER"]

1. Nf3 c5 2. c4 Nc6 3. Nc3 Nf6 4. g3 d5 5. cxd5 Nxd5 6. Bg2 Nc7 7. 0-0 e5 8. d3 Be7 9. Ne1 Nd4 10. e3 Nf5 11. Qa4+ Qd7 12. Qc2 0-0 13. Nf3 f6 14. Rd1 Na6 15. a3 Rd8 16. b3 Qe8 17. Nd2 Rb8 18. Bd5+ Kh8 19. Rb1 Nc7 20. Be4 Nd6 21. Bg2 Bg4 22. f3 Bf5 23. Bf1 Rbc8 24. Nde4 Ne6 25. Qf2 Qg6 26. Nxd6 Bxd6 27. e4 Nd4 28. exf5 Qxf5 29. Kg2 h5 30. Ne4 Be7 31. Be3 Ne6 32. Be2 Qg6 33. f4 f5 34. Nc3 Bd6 35. Kh1 Rf8 36. Nd5 Qf7 37. Qf3 g6 38. fxe5 Bxe5 39. Nf4 Rcd8 40. Nxe6 Qxe6 41. Bxc5 Rfe8 42. Bf1 b6 43. Bf2 Qd5 44. Qxd5 Rxd5 45. Re1 Red8 46. Bg2 1-0

[Event "NRW Class1 0304"]
[Site "Germany"]
[Date "2004.02.08"]
[Round "6.6"]
[White "Haude, Ruediger"]
[Black "Abhau, Jochen"]
[Result "0-1"]
[WhiteElo "2030"]
[BlackElo "2243"]
[PlyCount "70"]
[EventDate "2003.09.28"]
[EventType "team"]
[EventRounds "9"]
[EventCountry "GER"]
[SourceTitle "CBM 098 Extra"]
[Source "ChessBase"]
[SourceDate "2004.03.10"]
[SourceVersion "2"]
[SourceVersionDate "2004.03.10"]
[SourceQuality "1"]
[WhiteTeam "Letmathe"]
[BlackTeam "Godesberg II"]
[WhiteTeamCountry "GER"]
[BlackTeamCountry "GER"]

1. Nf3 Nf6 2. c4 c5 3. Nc3 e6 4. g3 b6 5. Bg2 Bb7 6. 0-0 Be7 7. b3 0-0 8. Bb2 d6 9. Rc1 a6 10. d4 cxd4 11. Nxd4 Bxg2 12. Kxg2 Qc7 13. e3 Nbd7 14. Qe2 Rac8 15. e4 Qb7 16. f3 Rfe8 17. Rfe1 Ne5 18. h3 Ng6 19. Kh2 h5 20. Qd2 Nh7 21. f4 h4 22. Nf3 hxg3+ 23. Kxg3 Nf6 24. f5 Nh5+ 25. Kh2 exf5 26. Nd5 Nh4 27. Nxh4 Bxh4 28. exf5 Bg3+ 29. Kg2 Bxe1 30. Rxe1 Rxe1 31. Qxe1 Nf4+ 32. Kh2 Nxd5 33. Qg3 f6 34. Qg2 Qc6 35. Qe4 Re8 0-1

[Event "Oberliga NRW 0102 I"]
[Site "Germany"]
[Date "2002.01.13"]
[Round "5.7"]
[White "Haude, Ruediger"]
[Black "Weber, Franz Josef"]
[Result "1/2-1/2"]
[WhiteElo "1995"]
[BlackElo "2163"]
[PlyCount "152"]
[EventDate "2001.10.??"]
[EventType "team"]
[EventRounds "9"]
[EventCountry "GER"]
[SourceTitle "EXT 2004"]
[Source "ChessBase"]
[SourceDate "2003.11.25"]
[SourceVersion "1"]
[SourceVersionDate "2003.11.25"]
[SourceQuality "1"]
[WhiteTeam "Letmathe"]
[BlackTeam "Monheim"]
[WhiteTeamCountry "GER"]
[BlackTeamCountry "GER"]

1. Nf3 Nf6 2. c3 c5 3. d4 e6 4. Bg5 Nc6 5. e3 h6 6. Bxf6 Qxf6 7. Nbd2 b6 8. Bd3 Bb7 9. Qe2 Qe7 10. 0-0-0 g6 11. dxc5 bxc5 12. Bb5 Bg7 13. Nc4 0-0 14. Nd6 Rab8 15. Qc4 a6 16. Ba4 Na7 17. Qxc5 Bxf3 18. gxf3 Nb5 19. Bxb5 Rxb5 20. Qa3 Rbb8 21. f4 Qh4 22. Rd2 Rb6 23. Qa4 Rfb8 24. Qxd7 Qf6 25. Ne4 Qf5 26. Qa4 Rb4 27. cxb4 Qxe4 28. Rhd1 Rxb4 29. Qe8+ Kh7 30. Rc2 Rb7 31. Qd8 Qa4 32. a3 Qb3 33. Qd3 Qa2 34. b4 Qa1+ 35. Kd2 Qf6 36. Ke2 Rb5 37. Rc5 Rb8 38. Qc2 Qh4 39. Rh1 Qg4+ 40. Ke1 Qg2 41. Rf1 Qxh2 42. Rc7 Rf8 43. Qe4 Qh4 44. Rh1 Qd8 45. Rc2 Qd7 46. Qc4 Rd8 47. Ke2 Qd6 48. Rb1 e5 49. fxe5 Qxe5 50. Qxa6 Rd5 51. Qc4 Qh5+ 52. Ke1 Rg5 53. Rcc1 Qf3 54. Qf4 Rg1+ 55. Kd2 Qd5+ 56. Ke2 Qa2+ 57. Kf3 Rg5 58. e4 Bd4 59. Qh2 Qd2 60. Rd1 Qc3+ 61. Ke2 Qc4+ 62. Kf3 Qc3+ 63. Ke2 Qc2+ 64. Kf3 Rh5 65. Qg1 Rh3+ 66. Kg2 Bxf2 67. Kxh3 Bxg1 68. Rxg1 Qd3+ 69. Kg2 Qxe4+ 70. Kf2 Qc2+ 71. Ke3 Qc3+ 72. Ke4 Qxa3 73. b5 Qc5 74. b6 f5+ 75. Kd3 Qd5+ 76. Kc3 Qc5+ 1/2-1/2

[Event "Oberliga NRW 0102 I"]
[Site "Germany"]
[Date "2001.09.30"]
[Round "1.6"]
[White "Quelle, Helmut"]
[Black "Haude, Ruediger"]
[Result "1-0"]
[WhiteElo "2190"]
[BlackElo "1995"]
[PlyCount "79"]
[EventDate "2001.10.??"]
[EventType "team"]
[EventRounds "9"]
[EventCountry "GER"]
[SourceTitle "EXT 2004"]
[Source "ChessBase"]
[SourceDate "2003.11.25"]
[SourceVersion "1"]
[SourceVersionDate "2003.11.25"]
[SourceQuality "1"]
[WhiteTeam "Herford"]
[BlackTeam "Letmathe"]
[WhiteTeamCountry "GER"]
[BlackTeamCountry "GER"]

1. Nf3 d5 2. g3 c6 3. Bg2 Bf5 4. d3 Nf6 5. b3 e6 6. Bb2 Nbd7 7. Nbd2 Qc7 8. 0-0 Bg4 9. c4 e5 10. cxd5 cxd5 11. Rc1 Qb8 12. d4 e4 13. Ne5 Be6 14. f3 exf3 15. exf3 Bd6 16. f4 Nb6 17. f5 Bd7 18. Nxd7 Kxd7 19. Nf3 Re8 20. Re1 Rxe1+ 21. Qxe1 Qe8 22. Ne5+ Ke7 23. Ng4+ Kf8 24. Nxf6 Qxe1+ 25. Rxe1 gxf6 26. Bc1 Bb4 27. Bh6+ Kg8 28. Rc1 Bd6 29. a4 a5 30. Kf2 Rd8 31. Bd2 Ra8 32. Bf3 Kf8 33. Re1 Kg7 34. Rc1 Kf8 35. Bh6+ Ke7 36. Re1+ Kd7 37. Bh5 Kc7 38. Bxf7 Kb8 39. Re6 Kc7 40. Rxf6 1-0